The Tosefta : (Record no. 50203)
[ view plain ]
| 000 -LEADER | |
|---|---|
| fixed length control field | 00870nam a22002057a 4500 |
| 008 - FIXED-LENGTH DATA ELEMENTS--GENERAL INFORMATION | |
| fixed length control field | 210908b ||||| |||| 00| 0 eng d |
| 100 ## - MAIN ENTRY--PERSONAL NAME | |
| Personal name | Lieberman, Saul, |
| Dates associated with a name | 1898-1983. |
| 240 ## - UNIFORM TITLE | |
| Uniform title | <a href="Tosefta">Tosefta</a> |
| 245 ## - TITLE STATEMENT | |
| Title | The Tosefta : |
| Remainder of title | according to Codex Vienna, with variants from Codex Erfurt, Genizah mss., [ms. Schocken] and editio princeps (Venice 1521) : together with references to parallel passages in Talmudic literature and a brief commentary / |
| Statement of responsibility, etc | Saul Lieberman. |
| 246 ## - VARYING FORM OF TITLE | |
| Title proper/short title | Order of Nashim. Tosefta. |
| 260 ## - PUBLICATION, DISTRIBUTION, ETC. (IMPRINT) | |
| Place of publication, distribution, etc | New York : |
| Name of publisher, distributor, etc | Jewish Theol. Seminary of America, |
| Date of publication, distribution, etc | 1967. |
| 300 ## - PHYSICAL DESCRIPTION | |
| Extent | volumes : |
| Other physical details | facsimiles ; |
| Dimensions | 26 cm |
| 336 ## - CONTENT TYPE | |
| Content Type Term | text |
| 337 ## - MEDIA TYPE | |
| Media Type Term | unmediated |
| 338 ## - CARRIER TYPE | |
| Carrier Type Term | volume |
| 500 ## - GENERAL NOTE | |
| General note | Text in Aramic and Hebrew. |
| 505 ## - FORMATTED CONTENTS NOTE | |
| Formatted contents note | Part I : The order of Nashim : Yebamoth, Kethubuth, Nedarim, Nazir. |
| 650 ## - SUBJECT ADDED ENTRY--TOPICAL TERM | |
| Topical term or geographic name as entry element | Tosefta -- Commentaries. |
| 942 ## - ADDED ENTRY ELEMENTS (KOHA) | |
| Source of classification or shelving scheme | Library of Congress Classification |
| Item type | Books |
| Withdrawn status | Lost status | Source of classification or shelving scheme | Damaged status | Not for loan | Home library | Current library | Shelving location | Date acquired | Source of acquisition | Serial Enumeration / chronology | Inventory number | Total Checkouts | Full call number | Barcode | Date last seen | Price effective from | Koha item type |
|---|---|---|---|---|---|---|---|---|---|---|---|---|---|---|---|---|---|
| Library of Congress Classification | BSOP Library | BSOP Library | Reference | 09/08/2021 | Donated by Dr. David and Oprah Weisberg | v.3.1 | 46823 | BM508 L62 v.3.1 | 00058665 | 09/08/2021 | 09/08/2021 | Books |
